00722nam a2200181 i 450000100060000000300090000600500170001500700030003200800410003513000500007624501330012626000620025930000200032170000370034185200230037899900170040195201220041833531ES-MaACL20230906154756.0t|030202s1935 sp ||||1| spa d 0aBiblia. pA.T. pSalmos. lEspañol.911927710aLibros Sapienciales b: El libro de los Salmos : [Ecclesiastés]. Versión según el texto hebreo / cRuperto Mª de Manresa. aBarcelona : bJosé Bosch, c1935 (fHijos de J. Thomas) a2 v. ; c20 cm.1 aManresa, Ruperto María.976089 aES-MaACLjC-9283-4 c33531d33531 00104070aATENEOMbATENEOMcSPALd2008-01-17eSCl0oC-9283-4p1034890r2023-02-23 00:00:00w2023-02-23yMONOGRAFIA